| 000 | 00701cam a2200193 a 4500 | ||
|---|---|---|---|
| 001 | 000007638 | ||
| 005 | 20200929154237.0 | ||
| 008 | 850402s1984 ve a f001 0 spa | ||
| 040 |
_aDO-SdBNP _cDLC _dDLC |
||
| 082 |
_a080.87 _bC146p |
||
| 100 | 1 |
_aCaldera, Rafael. _q(Rafael Antonio Caldera Rodríguez), _d1916- _921190 |
|
| 245 | 1 | 0 |
_aParlamento mundial, una voz latinoamericana : _bdiscursos del presidente, 1979-1982 / _cRafael Caldera. |
| 260 |
_aCaracas, Venezuela : _bCongreso de la República, _c1984. |
||
| 300 |
_a358 p. : _bil. ; _c22 cm. |
||
| 610 | 1 | 0 |
_aCALDERA RODRÍGUEZ, RAFAEL ANTONIO, _d1916- _921191 |
| 650 | 4 |
_aDiscursos _96584 |
|
| 910 | _aCatalogación por copia / LC | ||
| 049 | _aBNGR | ||
| 999 |
_c7418 _d7418 |
||